5HLuxD.jpg

KING HENRY VIII SENIOR AND PRIMARY SCHOOL LIBRARY OPAC

The reluctant dragon / (Record no. 2339)

000 -LEADER
fixed length control field 01076pam a2200325 a 4500
001 - CONTROL NUMBER
control field 017165445
003 - CONTROL NUMBER IDENTIFIER
control field UkOxU
005 - DATE AND TIME OF LATEST TRANSACTION
control field 20230419114001.0
008 - FIXED-LENGTH DATA ELEMENTS--GENERAL INFORMATION
fixed length control field 081205s2009 enka j 000 1 eng d
015 ## - NATIONAL BIBLIOGRAPHY NUMBER
National bibliography number GBA910123
Source bnb
020 ## - INTERNATIONAL STANDARD BOOK NUMBER
International Standard Book Number 9780746096949 (hbk.) :
035 ## - SYSTEM CONTROL NUMBER
System control number (Uk)014894398
040 ## - CATALOGING SOURCE
Original cataloging agency StDuBDS
Language of cataloging eng
Transcribing agency StDuBDS
Modifying agency Uk
-- UkOxU
-- KH8
042 ## - AUTHENTICATION CODE
Authentication code ukblcatcopy
082 04 - DEWEY DECIMAL CLASSIFICATION NUMBER
Classification number 823.92 DAY
Edition number 22
100 1# - MAIN ENTRY--PERSONAL NAME
Personal name Daynes, Katie.
Relator term Author
245 14 - TITLE STATEMENT
Title The reluctant dragon /
Statement of responsibility, etc. Kenneth Grahame ; adapted by Katie Daynes ; illustrated by Fred Blunt ; reading consultant, Alison Kelly.
260 ## - PUBLICATION, DISTRIBUTION, ETC.
Place of publication, distribution, etc. London :
Name of publisher, distributor, etc. Usborne,
Date of publication, distribution, etc. 2009.
300 ## - PHYSICAL DESCRIPTION
Extent 48 p. :
Other physical details col. ill. ;
Dimensions 21 cm.
490 1# - SERIES STATEMENT
Series statement Usborne first reading. Level four
500 ## - GENERAL NOTE
General note Formerly CIP.
Institution to which field applies Uk
600 00 - SUBJECT ADDED ENTRY--PERSONAL NAME
Personal name George,
Titles and other words associated with a name Saint,
Dates associated with a name -303
Form subdivision Juvenile fiction.
650 #0 - SUBJECT ADDED ENTRY--TOPICAL TERM
Topical term or geographic name entry element Dragons
Form subdivision Juvenile fiction.
655 #0 - INDEX TERM--GENRE/FORM
Genre/form data or focus term Children's stories.
700 1# - ADDED ENTRY--PERSONAL NAME
Personal name Grahame, Kenneth,
Dates associated with a name 1859-1932.
700 1# - ADDED ENTRY--PERSONAL NAME
Personal name Blunt, Fred.
Relator term Illustrator
700 1# - ADDED ENTRY--PERSONAL NAME
Personal name Kelly, Alison.
830 #0 - SERIES ADDED ENTRY--UNIFORM TITLE
Uniform title Usborne first reading.
Number of part/section of a work Level four.
942 ## - ADDED ENTRY ELEMENTS (KOHA)
Source of classification or shelving scheme
Koha item type Books - Fiction
Holdings
Withdrawn status Lost status Source of classification or shelving scheme Damaged status Not for loan Collection code Permanent Location Current Location Shelving location Date acquired Total Checkouts Full call number Barcode Date last seen Date last checked out Price effective from Koha item type
          Fiction KH8 Primary School Library KH8 Primary School Library Non Fiction 2023-04-19 4 823.92 DAY KHPL000004088 2026-04-17 2026-03-10 2023-04-19 Books - Fiction

Powered By KH8 IT Dept